| 000 | 00619nam a2200205Ia 4500 | ||
|---|---|---|---|
| 008 | 090123s9999 xx 000 0 und d | ||
| 082 |
_b34441 _a891.463/जोशी |
||
| 100 | _aभंडारी मन्नु | ||
| 245 | _aएकटी | ||
| 250 | _a0 | ||
| 260 |
_bसुपर्ण प्रकाशन _c2002 |
||
| 300 | _a224 | ||
| 600 | _aभंडारी मन्नु | ||
| 630 | _aएकटी | ||
| 700 | _aयादव राजेंद्र | ||
| 700 | _aभंडारी मन्नु | ||
| 700 | _aजोशी पद्माकर | ||
| 730 | _aएकटी | ||
| 942 | _cBOOK | ||
| 999 |
_c72504 _d72504 |
||